| 000 | 00513nam a22001697a 4500 | ||
|---|---|---|---|
| 003 | OSt | ||
| 005 | 20220107122815.0 | ||
| 008 | 160610b xxu||||| |||| 00| 0 eng d | ||
| 040 | _cIIITMK | ||
| 100 |
_aJitha P Nair (93515012) _99732 |
||
| 245 | _aObject tracking and detection using extreme learning machine. | ||
| 300 | _aMini Project | ||
| 502 |
_bMPhil Computer Science
_c2015-16 _dINT _eDr. Elizabeth Sherly |
||
| 650 |
_aMACHINE LEARNING _99733 |
||
| 650 |
_aARTIFICAL NEURAL NETWORK _99734 |
||
| 942 |
_2ddc _cPR |
||
| 999 |
_c5217 _d5217 |
||